000
00406nam a2200133Ia 4500
008
100328s9999 xx 000 0 und d
082
_b
72600
100
_a
धर्मापुरीकर मधुकर.
245
_a
विश्र्वनाथ
260
_b
मॅजेस्टिक.
630
_a
विश्र्वनाथ
730
_a
विश्र्वनाथ
942
_c
BOOK
999
_c
558321
_d
558318